Human rights adjudication in Africa : (Record no. 7445)

MARC details
000 -LEADER
fixed length control field 00746nam a22002293u 4500
001 - CONTROL NUMBER
control field on1426319562
003 - CONTROL NUMBER IDENTIFIER
control field OCoLC
005 - DATE AND TIME OF LATEST TRANSACTION
control field 20250204123613.0
006 - FIXED-LENGTH DATA ELEMENTS--ADDITIONAL MATERIAL CHARACTERISTICS--GENERAL INFORMATION
fixed length control field m o d
007 - PHYSICAL DESCRIPTION FIXED FIELD--GENERAL INFORMATION
fixed length control field cr |||||||||||
008 - FIXED-LENGTH DATA ELEMENTS--GENERAL INFORMATION
fixed length control field 240314s2024 xx o 000 u und d
020 ## - INTERNATIONAL STANDARD BOOK NUMBER
International Standard Book Number 9781776448500
020 ## - INTERNATIONAL STANDARD BOOK NUMBER
International Standard Book Number 1776448502
029 1# - (OCLC)
OCLC library identifier AU@
System control number 000076484799
035 ## - SYSTEM CONTROL NUMBER
System control number (OCoLC)1426319562
040 ## - CATALOGING SOURCE
Original cataloging agency OCLKB
Language of cataloging eng
Description conventions pn
Transcribing agency OCLKB
049 ## - LOCAL HOLDINGS (OCLC)
Holding library TZAA
245 00 - TITLE STATEMENT
Title Human rights adjudication in Africa :
Remainder of title Challenges and opportunities within the African Union and sub-regional human rights systems
300 ## - PHYSICAL DESCRIPTION
Extent 1 online resource
856 40 - ELECTRONIC LOCATION AND ACCESS
Materials specified Open Access Publishing in European Networks
Uniform Resource Identifier <a href="https://directory.doabooks.org/handle/20.500.12854/134959">https://directory.doabooks.org/handle/20.500.12854/134959</a>
942 ## - ADDED ENTRY ELEMENTS (KOHA)
Source of classification or shelving scheme Library of Congress Classification
Koha item type Books

No items available.

African Court on Human and Peoples' Rights | For Inquiries Contact » +255 272 510 510